00612nam a2200133Ia 4500008004100000020001800041100001900059245008200078260003900160440003600199650001200235650018600247856004500433171212s9999 xx 000 0 und d a9780874215571 aHatch, Charles cHatch, CharlesaWidow's Tale, Ab1884-1896 Diary of Helen Mar Kimball Whitney bUniversity Press of Coloradoc2003 aLife Writings of Frontier Women aHistory aWhitney, Helen Mar, 1828–1896 -- Diaries; Mormon women -- Diaries; Church of Jesus Christ of Latter-Day Saints -- History -- 19th century; Mormon Church -- History -- 19th century uwww.jstor.org/stable/10.2307/j.ctt46nxkr